Központ és kirendeltség közötti szakadék, annak feloldása, a folyamatok optimalizálása

Bibliográfiai részletek
Szerző: Tomcsányi Zita Zsuzsanna
További közreműködők: Kása Dr. Richárd
Dokumentumtípus: Diplomadolgozat
Kulcsszavak:Munkaerő-kölcsönzés
Kommunikációs szakadék
Folyamat optimalizálás
Online Access:http://dolgozattar.uni-bge.hu/11666

MARC

LEADER 00000nta a2200000 i 4500
001 dolg11666
005 20170517103150.0
008 170517suuuu hu om 000 hun d
040 |a BGE Dolgozattár Repozitórium  |b hun 
041 |a hu 
100 1 |a Tomcsányi Zita Zsuzsanna 
245 1 0 |a Központ és kirendeltség közötti szakadék, annak feloldása, a folyamatok optimalizálása  |c Tomcsányi Zita Zsuzsanna  |h [elektronikus dokumentum] 
695 |a Munkaerő-kölcsönzés 
695 |a Kommunikációs szakadék 
695 |a Folyamat optimalizálás 
700 1 |a Kása Dr. Richárd  |e ths 
856 4 0 |u http://dolgozattar.uni-bge.hu/11666/1/Szakdolgozat%20TZ_v6_pdf.pdf  |z Dokumentum-elérés